Normal view
MARC view
Entry Personal Name
001 - CONTROL NUMBER
- control field: 55109
003 - CONTROL NUMBER IDENTIFIER
- control field: OSt
005 - DATE AND TIME OF LATEST TRANSACTION
- control field: 20241030091537.0
008 - FIXED-LENGTH DATA ELEMENTS
- fixed length control field: 241030|| aca||aabn | a|a d
040 ## - CATALOGING SOURCE
- Original cataloging agency: OSt
- Transcribing agency: OSt
100 ## - HEADING--PERSONAL NAME
- Personal name: ဝါသေဋ္ဌ
- Titles and other words associated with a name: အရှင်
670 ## - SOURCE DATA FOUND
- Source citation: Work cat.: (OSt)16626: သိရိန္ဒာဘိဝံသ ၊ အရှင်၊ ဆရာတော်(ယော) 17265, အနုတ္တရိယဂုဏ်အင်သပြေကန်ထေရ်အရှင်နှင့်ဘဝတစ်ကွေ့ခဏတွေ့တရားတော် /, ၂၀၀၃။